| 000 | 00889nas a2200289 4500 | ||
|---|---|---|---|
| 001 | BR2019000425 | ||
| 003 | BR-BrBNA | ||
| 005 | 20231205131605.0 | ||
| 007 | ta | ||
| 008 | 230509b bl.|||p| |||| 00| 00por d | ||
| 040 |
_aBR-BrBNA _bpor _cBiblioteca Nacional de Agricultura |
||
| 041 | _a(En) | ||
| 072 | _aF30 | ||
| 100 | 1 | _aMarques, M.J. | |
| 100 | 1 | _aVizú, J. de F. | |
| 100 | 1 | _aSilva Filho, D.F. da | |
| 100 | 1 | _aTicona-Benavente, C.A. | |
| 245 | 1 | _aTomato progenies selection in Rondônia, Brazil | |
| 650 | _aTOMATE | ||
| 650 | _aPROGÊNIE | ||
| 650 | _aVARIEDADE RESISTENTE | ||
| 650 | _aCRUZAMENTO | ||
| 773 | 0 |
_tHorticultura Brasileira (Brazil) _xISSN 1806-9991 _g(Jan-Mar 2019), v. 37(1) p. 106-111 _wBR2019000425 |
|
| 856 | 4 | 0 | _uhttp://www.scielo.br/pdf/hb/v37n1/1806-9991-hb-37-01-106.pdf |
| 909 |
_a202311 _bLúcia _c55 _dLúcia Elande |
||
| 942 |
_2AGRIS _n0 _cANA |
||
| 999 |
_c255609 _d255609 |
||